Central Library OPAC University of Rajshahi
Normal view MARC view

Entry Topical Term

Number of records used in: 2

001 - CONTROL NUMBER

  • control field: 10038

003 - CONTROL NUMBER IDENTIFIER

  • control field: BD-RjUL

005 - DATE AND TIME OF LATEST TRANSACTION

  • control field: 20231114112050.0

008 - FIXED-LENGTH DATA ELEMENTS

  • fixed length control field: 231114|| aca||aabn | a|a d

040 ## - CATALOGING SOURCE

  • Original cataloging agency: BD-RjUL
  • Transcribing agency: BD-RjUL

150 ## - HEADING--TOPICAL TERM

  • Topical term or geographic name entry element: Mongols History

670 ## - SOURCE DATA FOUND

  • Source citation: Work cat.: (BD-RjUL)82283: الجويني, علاء الدين عطا ملك بن بهاء الدين محمد بن محمد ;; Al-Juwayni, Alaa al-Din Ata Malik ibn Bahaa al-Din Muhammad ibn 10037, كتاب تاريخ جهانكشاي / Kitāb-i tārīkh-i jahāngushāʹ (Creator), قزويني، محمد، / taʾlīf-i ʿAlā al-Dīn ʿAṭā Malik ibn Bahāʾ al-Dīn Muḥammad ibn Muḥammad al-Juvaynī dar sanat-i 658 Hijrī ; bi-saʿy va ihtimām va taṣḥīḥ-i Muḥammad Ibn ʿAbd al-Wahhāb Qazvīnī, bi-inz̤imām-i ḥavāshī va fihāris, ʿAlāʾ al-Dīn ʿAṭā Malik Juwainī (Creator), Muḥammad Qazvīnī